000 00560nam a2200169 4500
001 120140
003 ES-MaACL
005 20230906191455.0
007 t|
008 070214s1957 sp r ||||1| spa d
100 0 _aPío
_bXII,
_cPapa.
_992302
245 1 0 _aRegalo al educador
_b: como estrellas : Pío XII a los profesores y maestros /
_c[recopilado y ordenado] por Salvador Blanco Piñán, Pbro.
260 _aMadrid :
_bFax,
_c1957.
300 _a249 p. ;
_c17 cm.
700 1 _aBlanco Piñán, Salvador.
_929279
852 _aES-MaACL
_jC-13772
_bR.41510
999 _c120140
_d120140